Reforma urgente sobre los recursos de casación / (Record no. 184667)

MARC details
000 -LEADER
campo de control de longitud fija 00830nam a2200193 i 4500
001 - NÚMERO DE CONTROL
campo de control 184667
003 - IDENTIFICADOR DE NÚMERO DE CONTROL
campo de control ES-MaACL
005 - FECHA Y HORA DE LA ÚLTIMA TRANSACCIÓN
campo de control 20250930063157.0
008 - DATOS DE LONGITUD FIJA--INFORMACIÓN GENERAL
campo de control de longitud fija 151105s1862 sp 000 0 spa d
080 ## - NÚMERO DE LA CLASIFICACIÓN DECIMAL UNIVERSAL
Número de la Clasificación Decimal Universal 347.957(460)
100 1# - ENTRADA PRINCIPAL--NOMBRE DE PERSONA
Nombre de persona Alvarez Martínez, Cirilo,
Fechas asociadas al nombre 1808-1878
9 (RLIN) 20872
245 10 - MENCIÓN DEL TÍTULO
Título Reforma urgente sobre los recursos de casación /
Mención de responsabilidad, etc. por Cirilo Álvarez.
260 ## - PUBLICACIÓN, DISTRIBUCIÓN, ETC.
Lugar de publicación, distribución, etc. Madrid :
Nombre del editor, distribuidor, etc. [s.n.],
Fecha de publicación, distribución, etc. 1862 (
Fabricante Imp. de la Revista de Legislación, a cargo de Julián Morales)
300 ## - DESCRIPCIÓN FÍSICA
Extensión 11 p. ;
Dimensiones 21 cm.
594 ## - Nota al título y mención de responsabilidad
Nota al título y mención de responsabilidad En port.: Artículo publicado en la Revista general de legislación y jurisprudencia (entrega de marzo de 1862)
650 #4 - PUNTO DE ACCESO ADICIONAL DE MATERIA--TÉRMINO DE MATERIA
Término de materia o nombre geográfico como elemento de entrada Casación civil-
Subdivisión geográfica España.
9 (RLIN) 149475
852 4# - LOCALIZACIÓN
Ubicación ES-MaACL
Número de control de estantería T-139-F-5
Nota libre - Enc. en un vol. facticio, falto de cub. original
-- - Donat. Gallardo
Holdings
Estatus retirado Estado de pérdida Estado de daño No para préstamo Colección Biblioteca de origen Biblioteca actual Ubicación en estantería Fecha de adquisición Fuente de adquisición Total de préstamos Signatura topográfica completa Código de barras Visto por última vez Precio de reemplazo Tipo de ítem Koha
        Colección de folletos Biblioteca del Ateneo de Madrid Biblioteca del Ateneo de Madrid Depósito folletos 05/11/2015     T-139-F-5 1194432 23/02/2023 23/02/2023 Folleto